书目信息 |
| 题名: |
迷人的电视
|
|
| 作者: | 周智灵 , 萧向民 编著 | |
| 分册: | ||
| 出版信息: | 广州 广州出版社 1997 |
|
| 页数: | 120页 | |
| 开本: | 19cm | |
| 丛书名: | 百科世界丛书 | |
| 单 册: | ||
| 中图分类: | TN94-49 , J909.1 | |
| 科图分类: | ||
| 主题词: | 电影--技术--青年读物 , 电视--艺术 | |
| 电子资源: | ||
| ISBN: | 7-80592-707-3 | |
| 000 | 00881nam2 2200301 450 | |
| 001 | 073000001873 | |
| 005 | 20091029150045.86 | |
| 009 | 0198051395 | |
| 010 | @a7-80592-707-3@dCNY8.15 | |
| 100 | @a20040224d am y0chiy0121 ea | |
| 101 | 0 | @achi |
| 102 | @aCN@b440000 | |
| 105 | @ay z 000yy | |
| 200 | 10 | @a迷人的电视@Ami ren de dian shi@f萧向民,周智灵编著@Fxiao xiang min,zhou zhi ling bian zhu |
| 210 | @a广州@c广州出版社@d1997 | |
| 215 | @a120页@d19cm | |
| 225 | 2 | @a百科世界丛书 |
| 300 | 2 | @a@h第三辑@v58 |
| 410 | 0 | @120010@a百科世界丛书 |
| 606 | @a电影@x技术@x青年读物 | |
| 606 | 0 | @a电视@x艺术 |
| 690 | @aTN94-49@v3 | |
| 690 | @aJ909.1@v4 | |
| 701 | 0 | @a周智灵@Azhou zhi ling@4编著 |
| 701 | 0 | @a萧向民@Axiao xiang min@4编著 |
| 801 | 2 | @aCN@bHX@c20091029 |
| 905 | @aBZT@dJ909.1@e4 | |
| 999 | @tC@Axiuxia@a20040224 18:01:11@Ixiuxia@i20040224 18:01:13 | |
| 迷人的电视/萧向民,周智灵编著.-广州:广州出版社,1997 |
| 120页;19cm.-(百科世界丛书) |
| ISBN 7-80592-707-3:CNY8.15 |
| ● |
| 相关链接 |
|
|
|
正题名:迷人的电视
索取号:J909.1/4
 
预约/预借
| 序号 | 登录号 | 条形码 | 馆藏地/架位号 | 状态 | 备注 |
| 1 | 420624 | 210482734 | 中心书库中库/ 中库021架B面5列4层40/ [索取号:J909.1/4] | 在馆 | |
| 2 | 420625 | 210482725 | 中心书库中库/ 中库021架B面5列4层44/ [索取号:J909.1/4] | 在馆 | |
| 3 | 420626 | 210482761 | 中心书库中库/ 中库021架B面5列4层39/ [索取号:J909.1/4] | 在馆 | |
| 4 | 420627 | 210482752 | 中心书库中库/ 中库021架B面5列4层47/ [索取号:J909.1/4] | 在馆 | |
| 5 | 420628 | 210482789 | 中心书库中库/ 中库021架B面5列4层54/ [索取号:J909.1/4] | 在馆 | |
| 6 | 420629 | 210482770 | 中心书库中库/ 中库021架B面5列4层45/ [索取号:J909.1/4] | 在馆 | |
| 7 | 420630 | 210482805 | 中心书库中库/ 中库021架B面5列4层51/ [索取号:J909.1/4] | 在馆 | |
| 8 | 420631 | 210482798 | 中心书库中库/ 中库021架B面5列4层55/ [索取号:J909.1/4] | 在馆 | |
| 9 | 420632 | 210482823 | 中心书库中库/ 中库021架B面5列4层41/ [索取号:J909.1/4] | 在馆 | |
| 10 | 420633 | 210482814 | 中心书库中库/ 中库021架B面5列4层48/ [索取号:J909.1/4] | 在馆 |